Aristotle’s Prior and Posterior analytics / (Record no. 170167)

MARC details
000 -LEADER
campo de control de longitud fija 00793nam a2200229 i 4500
001 - NÚMERO DE CONTROL
campo de control 170167
003 - IDENTIFICADOR DE NÚMERO DE CONTROL
campo de control ES-MaACL
005 - FECHA Y HORA DE LA ÚLTIMA TRANSACCIÓN
campo de control 20250805063310.0
008 - DATOS DE LONGITUD FIJA--INFORMACIÓN GENERAL
campo de control de longitud fija 090209s1957 xxk |||| | eng d
080 ## - NÚMERO DE LA CLASIFICACIÓN DECIMAL UNIVERSAL
Número de la Clasificación Decimal Universal 1 Aristóteles
100 0# - ENTRADA PRINCIPAL--NOMBRE DE PERSONA
Nombre de persona Aristóteles
9 (RLIN) 22861
245 10 - MENCIÓN DEL TÍTULO
Título Aristotle’s Prior and Posterior analytics /
Mención de responsabilidad, etc. a revised text with introduction and commentary by W.D. Ross.
260 ## - PUBLICACIÓN, DISTRIBUCIÓN, ETC.
Lugar de publicación, distribución, etc. Oxford :
Nombre del editor, distribuidor, etc. Clarendon Press,
Fecha de publicación, distribución, etc. 1957.
300 ## - DESCRIPCIÓN FÍSICA
Extensión X, 690 p., [1] h. pleg. ;
Dimensiones 23 cm.
500 ## - NOTA GENERAL
Nota general Índice.
504 ## - NOTA DE BIBLIOGRAFÍA, ETC.
Nota de bibliografía, etc. Bibliografía.
546 ## - NOTA DE IDIOMA
Nota de lengua/lenguaje Texto en inglés y griego.
700 0# - ENTRADA AGREGADA--NOMBRE PERSONAL
Nombre de persona Ross, William David.
9 (RLIN) 99823
740 0# - ENTRADA AGREGADA--TÍTULO RELACIONADO/ANALÍTICO NO CONTROLADO
Título relacionado o analítico no controlado Prior and posterior analytics.
852 4# - LOCALIZACIÓN
Ubicación ES-MaACL
Número de control de estantería E-12430
itemnumber R.140588
Nota libre . - Biblioteca Jacinto Martínez Lacalle
Holdings
Estatus retirado Estado de pérdida Estado de daño No para préstamo Biblioteca de origen Biblioteca actual Ubicación en estantería Fecha de adquisición Fuente de adquisición Total de préstamos Signatura topográfica completa Código de barras Visto por última vez Precio de reemplazo Tipo de ítem Koha
        Biblioteca del Ateneo de Madrid Biblioteca del Ateneo de Madrid Depósito 2 09/02/2009     E-12430 1178651 23/02/2023 23/02/2023 Libro impreso